Catálogo
 En Linea

Obras completas / (Registro nro. 24345)

Detalles MARC
000 -CABECERA
campo de control de longitud fija 01955nam a2200253 a 4500
001 - NÚMERO DE CONTROL
campo de control 000024852
005 - FECHA Y HORA DE LA ÚLTIMA TRANSACCIÓN
campo de control 20200930023416.0
008 - DATOS DE LONGITUD FIJA--INFORMACIÓN GENERAL
campo de control de longitud fija 101125s1964 mx a r 001 f spa d
040 ## - FUENTE DE LA CATALOGACIÓN
Centro catalogador/agencia de origen DO-SdBNP
Lengua de catalogación spa
Centro/agencia transcriptor BNPHU
082 ## - NÚMERO DE LA CLASIFICACIÓN DECIMAL DEWEY
Número de clasificación 843.7
-- S825ó, 1964
049 ## - FONDOS LOCALES (OCLC)
Fondos de biblioteca BNGR
100 1# - ENTRADA PRINCIPAL--NOMBRE DE PERSONA
Nombre de persona Stendhal
Forma completa/desarrollada del nombre (Henri Beyle)
Fechas asociadas al nombre 1783-1842
9 (RLIN) 13782
245 10 - MENCIÓN DE TÍTULO
Título Obras completas /
Mención de responsabilidad, etc. Stendhal ; recopilación, traducción ensayo biográfico y prólogos Consuelo Berges.
250 ## - MENCIÓN DE EDICIÓN
Mención de edición 2a ed.
260 ## - PUBLICACIÓN, DISTRIBUCIÓN, ETC.
Lugar de publicación, distribución, etc. Madrid :
Nombre del editor, distribuidor, etc. Aguilar,
Fecha de publicación, distribución, etc. 1964.
300 ## - DESCRIPCIÓN FÍSICA
Extensión 3 v. :
Otras características físicas il. ;
Dimensiones 18 cm.
500 ## - NOTA GENERAL
Nota general Incluye índice.
504 ## - NOTA DE BIBLIOGRAFÍA, ETC.
Nota de bibliografía, etc. Incluye referencias bibliográficas y notas al pie de las páginas.
500 ## - NOTA GENERAL
Nota general La biblioteca posee el tomos 3.
505 2# - NOTA DE CONTENIDO CON FORMATO
Información miscelánea v.1 :
Título Vidas de Haydn, Mozart y Metastasio.
-- Historia de la pintura en Italia.
-- Anexo: Variedades sobre arte.
-- Roma, Nápoles y Florencia.
-- Del amor.
-- Anexo: Consulta de Banti sobre la duquesa de Bérulle.
-- Racine y Shakespeare.
Información miscelánea v. 2 :
Título Vida de Rossini.
-- Anexo: notas de un "Dilettante".
-- Armancia. De algunas escenas de un salón de París en 1827.
-- Paseos por Roma.
-- Rojo y negro.
-- Ciclo autobiográfico.
-- Vida de Enrique Brulard.
Información miscelánea v. 3 :
Título Ciclo autobiográfico (continuación).
-- Diario.
-- Recuerdos de egotismo.
-- Crónicas italianas.
-- La abadesa de Castro.
-- Vittorio Accoramboni.
-- Los Cenci.
-- La Duquesa de Palliano.
-- San Francesco a Ripa.
-- Vanina Vanini.
-- Favores que matan.
-- Suora scolastica.
-- Fragmentos de literatura.
-- Novelas y cuentos.
-- Rosa y verde.
-- Mina de Vanghel.
-- Recuerdos de un caballero italiano.
-- El judío (Filippo Ebreo).
-- El arca y el aparecido.
-- El filtro.
-- El caballero de saint Ismier.
-- Filiberto Lescale.
-- Féder (El marido de plata).
-- Una posición social.
-- Napoleón.
Información miscelánea v. 4 :
Título Luciano Leuwen.
-- Memorias de un turista.
-- Lamiel.
-- La cartuja de parma.
650 #4 - PUNTO DE ACCESO ADICIONAL DE MATERIA--TÉRMINO DE MATERIA
Término de materia o nombre geográfico como elemento de entrada Novela francesas
Subdivisión general Colecciones
9 (RLIN) 47410
650 #4 - PUNTO DE ACCESO ADICIONAL DE MATERIA--TÉRMINO DE MATERIA
Término de materia o nombre geográfico como elemento de entrada Litreratura francesa
Subdivisión cronológica SIGLO XIX
9 (RLIN) 47411
700 1# - PUNTO DE ACCESO ADICIONAL--NOMBRE DE PERSONA
Nombre de persona Berges, Consuelo,
Término indicativo de función/relación tr.
-- pról.
9 (RLIN) 13601
Existencias
Estado de retiro Estado de pérdida Restricciones de uso No para préstamo Código de colección Localización permanente Ubicación/localización actual Ubicación en estantería Fecha de adquisición Número de inventario Total de préstamos Signatura topográfica completa Código de barras Fecha visto por última vez Precio válido a partir de Tipo de ítem Koha
        Monografías: Libros y Folletos General General En catalogación 07.02.2011 LF1   843.7 S825ó, 1964 24852-10 25.06.2020 25.06.2020 Préstamo en sala

Con tecnología Koha